Statistics for Treat People With Kindness lyrics

Click here to take the quiz!

General Stats

  • This quiz has been taken 8 times
  • The average score is 208 of 251

Answer Stats

HintAnswer% Correct
a
100%
Bridge | Pre-ChorusAnd
100%
and
100%
ever
100%
for
100%
I
100%
if
100%
I'm
100%
in
100%
is
100%
it
100%
kindness
100%
kindness)
100%
on
100%
people
100%
treat
100%
up
100%
us
100%
we
100%
we're
100%
with
100%
(All
88%
all
88%
OutroAll
88%
can
88%
feel
88%
feeling
88%
Feeling
88%
find
88%
Find
88%
go
88%
just
88%
(Just
88%
my
88%
(Oh
88%
our
88%
the
88%
to
88%
dancing
75%
don't
75%
dreaming
75%
enough
75%
good
75%
Here
75%
here
75%
into
75%
It's
75%
it's
75%
Verse 1I've
75%
keep
75%
little
75%
Chorus | IntroMaybe
75%
okay
75%
place
75%
sing
75%
taking
75%
they'll
75%
They'll
75%
want
75%
we'll
75%
away
63%
belong
63%
bit
63%
Floating
63%
friends
63%
got
63%
long
63%
need
63%
of
63%
pass
63%
skin
63%
song
63%
yeah)
63%
another
50%
answers
50%
day
50%
deep
50%
end
50%
now
50%
now)
50%
time)
50%
time
50%
auto
38%
automatic
38%
chances
38%
Dropping
38%
Verse 2Giving
38%
more
38%
(One
38%
second
38%
together
25%
we can
25%
Hey
13%

Score Distribution

Percentile by Number Answered

Percent of People with Each Score

Your Score History

You have not taken this quiz